Vláda sa vzdala agentúry na podporu zahraničných investícií

Privatizácia niekdajšej vládnej príspevkovej organizácie - Slovenskej agentúry pre zahraničné investície a rozvoj (SNAZIR) v druhej vlne. Jej premena na akciovú spoločnosť so 100 perc. účasťou FNM. Činnosť agentúry, financovanie aj z programu PHARE. Stanovisko Trendu - privatizácia na nepravom miest...

ver descrição completa

Na minha lista:
Detalhes bibliográficos
Autor principal: Hajko, J.
Formato: Capítulo de Livro
Idioma:eslovaco
Assuntos:
Tags: Adicionar Tag
Sem tags, seja o primeiro a adicionar uma tag!

MARC

LEADER 00000naa a2200000 4500
001 r000951
005 20221205091414.8
041 0 |a slo 
044 |a SK 
245 1 0 |a Vláda sa vzdala agentúry na podporu zahraničných investícií  |c J. Hajko 
520 |a Privatizácia niekdajšej vládnej príspevkovej organizácie - Slovenskej agentúry pre zahraničné investície a rozvoj (SNAZIR) v druhej vlne. Jej premena na akciovú spoločnosť so 100 perc. účasťou FNM. Činnosť agentúry, financovanie aj z programu PHARE. Stanovisko Trendu - privatizácia na nepravom mieste. 
610 2 0 |a investície zahraničné 
610 2 0 |a investície zo zahraničia 
610 2 0 |a Slovensko 
610 2 0 |a Slovenská národná agentúra pre zahraničné investície a rozvoj 
610 2 0 |a SNAZIR 
610 2 0 |a privatizácia 
100 1 |a Hajko, J.